logo

Bir Sreshtho Munshi Abdur Rouf Library
Jhenaidah Cadet College

কর্নেলকে কউ লেখে না / (Record no. 1804)

MARC details
000 -LEADER
fixed length control field 00944nam a2200241 a 4500
001 - CONTROL NUMBER
JCCL Control Number 1804
003 - CONTROL NUMBER IDENTIFIER
JCCL marc code BD-JhCC
005 - DATE AND TIME OF LATEST TRANSACTION
control field 20211005134019.0
008 - FIXED-LENGTH DATA ELEMENTS--GENERAL INFORMATION
fixed length control field 171024s2015 bg |||| |||| 001 0 ben d
020 ## - INTERNATIONAL STANDARD BOOK NUMBER
International Standard Book Number 9789849120117
035 ## - SYSTEM CONTROL NUMBER
system control number (BD-JhCC)1804
040 ## - CATALOGING SOURCE
Original cataloging agency BD-JhCC
Modifying agency BD-JhCC
041 ## - LANGUAGE CODE
Language code of Book ben
082 ## - DEWEY DECIMAL CLASSIFICATION NUMBER
Classification number 863.44
Author mark and Year MAR 2015
100 ## - MAIN ENTRY--PERSONAL NAME
Personal name মার্কেল, গাব্রিয়েল গার্সিয়া
245 ## - TITLE STATEMENT
Title কর্নেলকে কউ লেখে না /
Statement of responsibility, etc গাব্রিয়েল গার্সিয়া মার্কেল; রফিক-উম-মুনীর চৌধুরী (অনু.)
260 ## - PUBLICATION, DISTRIBUTION, ETC. (IMPRINT)
Place of publication, distribution, etc ঢাকা :
Name of publisher, distributor, etc প্রথমা প্রকাশন,
Date of publication, distribution, etc ২০১৫.
300 ## - PHYSICAL DESCRIPTION
Pagination ৭৮ পৃ . :
Dimensions ২১ সেমি.
650 ## - SUBJECT ADDED ENTRY--TOPICAL TERM
Topical term or geographic name as entry element Spanish Literature
700 ## - ADDED ENTRY--PERSONAL NAME
Personal name চৌধুরী, রফিক-উম-মুনীর
942 ## - ADDED ENTRY ELEMENTS (KOHA)
Source of classification or shelving scheme Dewey Decimal Classification
Koha item type Books
Koha issues (borrowed), all copies 2
Holdings
Source of classification or shelving scheme Damaged status Not for loan Home library Current library Shelving location Date of accession Source of acquisition Cost, normal purchase price Total Checkouts Full call number Barcode Date last seen Date checked out Copy number Koha item type
Dewey Decimal Classification     JCC Rouf Library JCC Rouf Library General Stacks 10/24/2017 IPDC 180.00 1 863.44 MAR 2015 2344 10/27/2021 10/04/2021 C-1 Books

JCC Library | Contacts | JCC Home

Last Update on 23 September 2017
Copyright @ 2017-2020 JCC Rouf Library
Rouf Library, Jhenidah Cadet College (JCC), Bangladesh